عندما غاب القمر / (رقم التسجيلة. 47608)

تفاصيل مارك
000 -LEADER
fixed length control field 00544nam a22001937a 4500
005 - DATE AND TIME OF LATEST TRANSACTION
control field 20251108170728.0
008 - FIXED-LENGTH DATA ELEMENTS--GENERAL INFORMATION
fixed length control field 250721s1989 xx 000 0 ara d
082 14 - DEWEY DECIMAL CLASSIFICATION NUMBER
Classification number ط/ق/حام
100 1# - MAIN ENTRY--PERSONAL NAME
Personal name حامد، حسين
Relator term مؤلف
245 10 - TITLE STATEMENT
Title عندما غاب القمر /
264 1# - PRODUCTION, PUBLICATION, DISTRIBUTION, MANUFACTURE, AND COPYRIGHT NOTICE
Place of production, publication, distribution, manufacture القاهرة :
Date of production, publication, distribution, manufacture, or copyright notice 1989.
300 ## - PHYSICAL DESCRIPTION
Extent 24ص
490 0# - SERIES STATEMENT
Series statement يا أحبائي أقول لكم
650 17 - SUBJECT ADDED ENTRY--TOPICAL TERM
Topical term or geographic name as entry element أدب الأطفال
650 17 - SUBJECT ADDED ENTRY--TOPICAL TERM
Topical term or geographic name as entry element القصص العربية
700 1# - ADDED ENTRY--PERSONAL NAME
Personal name عويس، فريدة
Relator term رسم
942 ## - ADDED ENTRY ELEMENTS (KOHA)
Source of classification or shelving scheme Dewey Decimal Classification
Koha item type كتب
المقتنيات
حالة السحب حالة الفقدان مصدر التصنيف حالة التلف غير قابل للإعارة المكتبة الرئيسية المكتبة الحالية موقع الرف تاريخ التزويد الرقم المتسلسل Total Checkouts رقم الإستدعاء الباركود تاريخ آخر ظهور تاريخ الفاتورة نوع المادة (كوها)
    Dewey Decimal Classification     مكتبة البشائر للأطفال مكتبة البشائر للأطفال الأطفال 23/05/2015 318957   ط/ق/حام PLD00325920 28/07/2025 23/05/2015 كتب
    Dewey Decimal Classification     مكتبة البراءة للأطفال مكتبة البراءة للأطفال الأطفال 28/07/2025 318956   ط/ق/حام 318956 28/07/2025 28/07/2025 كتب
Implemented & Customized by: BBB with SCIT (Smart Chains for Information Technology)

Powered by Koha